| 000 | 00745cam a22002531 4500 | ||
|---|---|---|---|
| 999 |
_c7659 _d7659 |
||
| 001 | 4531538 | ||
| 003 | GZU | ||
| 005 | 20210512090508.0 | ||
| 008 | 730213s1963 njua b 000 0 eng | ||
| 010 | _a 63011092 | ||
| 040 |
_aDLC _cDLC _dDLC |
||
| 050 | 0 | 0 |
_aHM271 _b.DAH 1963 |
| 082 | 0 | 0 | _a320 |
| 100 | 1 |
_aDahl, Robert A., _d1915-2014. |
|
| 245 | 1 | 0 | _aModern political analysis. |
| 260 |
_aEnglewood Cliffs, N.J., _bPrentice-Hall _c[1963] |
||
| 300 |
_a118 p. _billus. _c23 cm. |
||
| 490 | 0 | _aFoundations of modern political science series | |
| 504 | _aIncludes bibliography. | ||
| 650 | 0 | _aPower (Social sciences) | |
| 650 | 0 | _aPolitical science. | |
| 906 |
_a7 _bcbc _corignew _du _eocip _f19 _gy-gencatlg |
||
| 942 |
_2lcc _cBK _h271 _iDAH _kHM |
||